Vienen por la noche / (Record no. 7387)

MARC details
000 -LEADER
fixed length control field 00833 a2200241 4500
001 - CONTROL NUMBER
control field sjds
003 - CONTROL NUMBER IDENTIFIER
control field sjds
005 - DATE AND TIME OF LATEST TRANSACTION
control field 20241002221943.0
008 - FIXED-LENGTH DATA ELEMENTS--GENERAL INFORMATION
fixed length control field 241002b |||||||| |||| 00| 0 spa d
020 ## - INTERNATIONAL STANDARD BOOK NUMBER
International Standard Book Number 9788434865587
020 ## - INTERNATIONAL STANDARD BOOK NUMBER
International Standard Book Number 8434865580
040 ## - CATALOGING SOURCE
Transcribing agency sjds
041 ## - LANGUAGE CODE
Language code of text/sound track or separate title spa
100 ## - MAIN ENTRY--PERSONAL NAME
Personal name Biegel, Paul
245 ## - TITLE STATEMENT
Title Vienen por la noche /
Statement of responsibility, etc. Paul Biegel ; traduccion del neerlandes, Nadine Belien.
260 ## - PUBLICATION, DISTRIBUTION, ETC. (IMPRINT)
Place of publication, distribution, etc. Madrid :
Name of publisher, distributor, etc. Ediciones SM,
Date of publication, distribution, etc. 2001.
300 ## - PHYSICAL DESCRIPTION
Extent 184 pages ;
Dimensions 19 cm.
440 ## - SERIES STATEMENT/ADDED ENTRY--TITLE
Title Barco de vapor.
Name of part/section of a work Serie roja ;
Volume/sequential designation 111.
500 ## - GENERAL NOTE
General note En esta novela el creador de soldados pasa las horas muertas fabricando soldaditos de plomo. Una noche los soldados de plomo salen al combate y el ejercito de estano los esta esperando.
500 ## - GENERAL NOTE
General note Titulo original: De soldatenmaker.
700 ## - ADDED ENTRY--PERSONAL NAME
Personal name Belien, Nadine
942 ## - ADDED ENTRY ELEMENTS (KOHA)
Koha item type Libro/Book
Holdings
Withdrawn status Lost status Damaged status Not for loan Home library Current library Date acquired Inventory number Total Checkouts Full call number Barcode Date last seen Date checked out Price effective from Koha item type
        San Juan Del Sur -- Mobile San Juan Del Sur -- Mobile 18/04/2014 Inventory date: 27-2-25 3 JF 30000315 06/11/2024 02/10/2024 18/04/2014 Libro/Book

Powered by Koha